Career dynamics : matching individual and organizational needs
Αποθηκεύτηκε σε:
| Κύριος συγγραφέας: | |
|---|---|
| Μορφή: | Βιβλίο |
| Γλώσσα: | English |
| Έκδοση: |
Reading, Mass. : Addison-Wesley Pub. Co
c1978
|
| Σειρά: | Addison-Wesley series on organization development
|
| Ετικέτες: |
Προσθήκη ετικέτας
Δεν υπάρχουν, Καταχωρήστε ετικέτα πρώτοι!
|
MARC
| LEADER | 00000nam a2200000Ia 4500 | ||
|---|---|---|---|
| 003 | 002447 | ||
| 005 | 20221231143935.0 | ||
| 008 | 140114s1978 maua 000 ||eng d | ||
| 040 | |c cru CEDI | ||
| 082 | |a 650.14 S342c | ||
| 100 | |a Schein, Edgar H. |9 21539 | ||
| 245 | |a Career dynamics : matching individual and organizational needs | ||
| 260 | |a Reading, Mass. : Addison-Wesley Pub. Co |c c1978 | ||
| 300 | |a xx, 234 páginas : ilustraciones. | ||
| 440 | |a Addison-Wesley series on organization development |9 21541 | ||
| 942 | |2 ddc |c BK | ||
| 999 | |c 14532 |d 14532 | ||
